000 00463nam a22001577a 4500
020 _a81-86209-79-4
082 _aH3
_bVIB/A
100 _aVibhuthibhushan Vandhyopadhyay
245 _aAshani sanketh:
_bVibhutibhushan Vandhyopadhyay se Satyajith Ray thak/
_cby Vibhuthibhushan Vandhyopadhyay
260 _aMumbai:
_bSambhavana Prakashan,
_c2011.
300 _a151p.
650 _aNovel Hindi
650 _aLiterature Hindi
650 _aLiterature
942 _cBK
999 _c52044
_d52044